| 000 | 00362nam a22001577a 4500 | ||
|---|---|---|---|
| 005 | 20251108172403.0 | ||
| 008 | 250721s1983 xx 000 0 eng d | ||
| 082 | 1 | 4 | _aJ/F/WOL |
| 100 | 1 | _aWolf, Tony | |
| 245 | 1 | 0 | _aMeet the wood land folk / |
| 264 | 1 |
_aLondon : _bDean, _c1983. |
|
| 300 | _a45p. | ||
| 650 | 1 | 7 | _aFiction |
| 942 |
_2ddc _cBK |
||
| 999 |
_c77959 _d77959 |
||